| 000 | 00586nam a2200205 a 4500 | ||
|---|---|---|---|
| 001 | 000012380 | ||
| 005 | 20200929163021.0 | ||
| 008 | 091111s1972 ve r 001 f spa d | ||
| 040 |
_aDO-SdBNP _bspa _cBNPHU |
||
| 082 |
_a843.914 _bC253a |
||
| 100 | 1 |
_aCapriles, Yolanda _929079 |
|
| 245 | 1 | 3 |
_aEl arquero dormido : _brelatos / _cYolanda Capriles. |
| 260 |
_aCaracas : _bMonte Ávila, _c1972. |
||
| 300 |
_a72, [3] p. ; _c19 cm. |
||
| 490 | 1 | _aDonaire | |
| 650 | 4 |
_aNovela francesa _91075 |
|
| 650 | 4 |
_aLiteratura francesa _ySIGLO XX _94232 |
|
| 830 | 0 |
_aDonaire. _98050 |
|
| 049 | _aBNGR | ||
| 999 |
_c12037 _d12037 |
||